000
00295nam a22001337a 4500
008
170424b xxu||||| |||| 00| 0 eng d
020
_a
540.9.F213
041
_a
eng
080
_a
54
100
_a
12
101
_a
SHM
245
_a
MILESTONES OF MODERN CHEMISTRY
_c
FARBER. E
942
_2
udc
_c
BK
999
_c
11714
_d
11714